[Event "V MTSz Klubu Polonia Wroclaw"]
[Site "Wroclaw"]
[Date "2010.06.28"]
[Round "4"]
[White "Sokalsky, Alexander"]
[Black "Strzemiecki, Zbigniew"]
[Result "0-1"]
[WhiteElo "2217"]
[BlackElo "2381"]
[PlyCount "108"]
[EventDate "2010.??.??"]

1. b3 d5 2. Bb2 c5 3. e3 Nc6 4. Bb5 Qb6 5. a4 a6 6. a5 Qc7 7. Bxc6+ Qxc6 8. Nf3
Nf6 9. Ne5 Qd6 10. d3 g6 11. h3 Bg7 12. f4 O-O 13. Nd2 Nd7 14. Nxd7 Bxd7 15.
Bxg7 Kxg7 16. O-O e5 17. Qf3 f5 18. c4 Be6 19. cxd5 Bxd5 20. fxe5 Qxe5 21. Nc4
Qe6 22. Qf4 Bxc4 23. bxc4 Rae8 24. Qc7+ Rf7 25. Qxc5 Qxe3+ 26. Qxe3 Rxe3 27.
Rf3 Rxf3 28. gxf3 Kf6 29. d4 Kg5 30. Kf2 Kf4 31. Rd1 Rc7 32. c5 g5 33. Ke2 h5
34. Kd3 h4 35. Kc4 Kxf3 36. Rf1+ Kg2 37. Rxf5 Rg7 38. d5 Kxh3 39. d6 g4 40. Re5
g3 41. Re7 Rg4+ 42. Kc3 Rg8 43. Rxb7 g2 44. Rb1 Kg3 45. c6 h3 46. c7 h2 47. Rb8
Rg4 48. c8=Q h1=Q 49. d7 Qc1+ 50. Kb3 Qe3+ 51. Kb2 g1=Q 52. d8=Q Qgf2+ 53. Qc2
Qxc2+ 54. Kxc2 Rc4+ 0-1

[Event "V MTSz Klubu Polonia Wroclaw"]
[Site "Wroclaw"]
[Date "2010.06.28"]
[Round "4"]
[White "Aliavdin, Nikolai"]
[Black "Kudzma, Laimonas"]
[Result "0-1"]
[WhiteElo "2367"]
[BlackElo "2207"]
[PlyCount "72"]
[EventDate "2010.??.??"]

1. e4 c5 2. Nf3 Nf6 3. e5 Nd5 4. Nc3 Nxc3 5. dxc3 e6 6. Bf4 Nc6 7. Qd2 Be7 8.
h4 h6 9. h5 b6 10. Rh3 Bb7 11. Rg3 Bf8 12. O-O-O Qc7 13. c4 O-O-O 14. Qe3 Ne7
15. Bd3 Qc6 16. Nh4 Kb8 17. b3 Nc8 18. Be2 Qe4 19. Qd2 Be7 20. Nf3 Bf8 21. Bd3
Qc6 22. Re1 Qc7 23. Be4 d5 24. exd6 Bxd6 25. Bxd6 Nxd6 26. Bxb7 Nf5 27. Qc3
Nxg3 28. fxg3 Kxb7 29. Qxg7 Rhg8 30. Qxh6 Qxg3 31. Qh7 Qf4+ 32. Kb1 Rxg2 33.
Ne5 Qf5 34. Qxf5 exf5 35. Nxf7 Rd7 36. Ne5 Re7 0-1

[Event "V MTSz Klubu Polonia Wroclaw"]
[Site "Wroclaw"]
[Date "2010.06.28"]
[Round "4"]
[White "Bebel, Arkadiusz"]
[Black "Schneider, Veronika"]
[Result "1-0"]
[WhiteElo "2247"]
[BlackElo "2339"]
[PlyCount "93"]
[EventDate "2010.??.??"]

1. e4 c5 2. c3 d5 3. exd5 Qxd5 4. d4 g6 5. Nf3 Bg7 6. Na3 cxd4 7. Bc4 Qe4+ 8.
Be3 Nh6 9. cxd4 O-O 10. Qb3 Nc6 11. Bd3 Qg4 12. h3 Qh5 13. Rc1 Rd8 14. Rc5 e5
15. Rh2 Bf8 16. Rxc6 bxc6 17. g4 Nxg4 18. hxg4 Qxg4 19. Ng5 Be6 20. Nxe6 fxe6
21. Kf1 Rab8 22. Qc2 exd4 23. Bc1 Rd5 24. Rg2 Qh5 25. Nc4 Rbb5 26. b3 Qh1+ 27.
Rg1 Qh3+ 28. Ke1 Bb4+ 29. Bd2 Qh2 30. Rf1 Bxd2+ 31. Qxd2 Rg5 32. Be4 Qh4 33.
Bd3 Qg4 34. f4 Qh4+ 35. Kd1 Rg3 36. Ne5 Rc5 37. Bc4 Qh3 38. Re1 Qh5+ 39. Kc1
Rc3+ 40. Kb2 Qh4 41. Bxe6+ Kg7 42. Bc4 Qd8 43. Re4 Rh3 44. Rxd4 Qh4 45. Rd7+
Kh6 46. Nf7+ Kg7 47. Ng5+ 1-0

[Event "V MTSz Klubu Polonia Wroclaw"]
[Site "Wroclaw"]
[Date "2010.06.28"]
[Round "4"]
[White "Szablowski, Pawel"]
[Black "Poznanska, Katarzyna"]
[Result "1-0"]
[WhiteElo "2312"]
[BlackElo "2068"]
[PlyCount "71"]
[EventDate "2010.??.??"]

1. e4 c5 2. c3 a6 3. d4 cxd4 4. cxd4 d6 5. Nc3 g6 6. Nf3 Bg7 7. Bc4 Nf6 8. O-O
O-O 9. e5 Ne8 10. Qe2 Nc6 11. e6 fxe6 12. Bxe6+ Kh8 13. d5 Bxe6 14. Qxe6 Rxf3
15. dxc6 Rf5 16. cxb7 Rb8 17. Qe2 Nc7 18. Be3 Rxb7 19. Rad1 d5 20. g4 Re5 21.
Qf3 Rb4 22. h3 d4 23. Bxd4 Rxd4 24. Rxd4 Qb8 25. Rfd1 Ne6 26. Rd5 h6 27. Rxe5
Qxe5 28. Qe3 Qf6 29. Nd5 Qf7 30. b4 Kh7 31. Kg2 Ng5 32. h4 Ne6 33. Qe4 Bf6 34.
h5 Nf8 35. hxg6+ Nxg6 36. Nf4 1-0

[Event "V MTSz Klubu Polonia Wroclaw"]
[Site "Wroclaw"]
[Date "2010.06.28"]
[Round "4"]
[White "Lewicki, Miroslaw"]
[Black "Stoma, Pawel"]
[Result "0-1"]
[WhiteElo "2094"]
[BlackElo "2309"]
[PlyCount "94"]
[EventDate "2010.??.??"]

1. e4 c6 2. d4 d5 3. exd5 cxd5 4. Nf3 Nf6 5. c4 e6 6. Nc3 Bb4 7. a3 Bxc3+ 8.
bxc3 dxc4 9. Bxc4 Qc7 10. Qd3 Nbd7 11. O-O b6 12. h3 Bb7 13. Bb3 O-O 14. Bb2
Rfd8 15. Qe2 b5 16. a4 bxa4 17. Rxa4 a5 18. Rfa1 Rdb8 19. c4 Qf4 20. d5 exd5
21. cxd5 Qf5 22. Nd4 Qe4 23. Qxe4 Nxe4 24. Rxa5 Nd2 25. Rb5 Nxb3 26. Nxb3 Rxa1+
27. Bxa1 f6 28. Nd4 Ba8 29. Rxb8+ Nxb8 30. d6 Kf7 31. Bb2 Nc6 32. Nb5 Na5 33.
Ba3 Bc6 34. Nc7 Nc4 35. Bc5 f5 36. f4 Nd2 37. Bb4 Nb3 38. Bc3 Nc5 39. g4 Nd3
40. Be5 fxg4 41. h4 g3 42. Na6 Nf2 43. Bd4 Nh3+ 44. Kf1 g2+ 45. Ke2 Bb5+ 46.
Kf3 g1=Q 47. Bxg1 Nxg1+ 0-1

[Event "V MTSz Klubu Polonia Wroclaw"]
[Site "Wroclaw"]
[Date "2010.06.28"]
[Round "4"]
[White "Czyz, Artur"]
[Black "Wieczorek, Oskar"]
[Result "0-1"]
[WhiteElo "2061"]
[BlackElo "2305"]
[PlyCount "54"]
[EventDate "2010.??.??"]

1. Nf3 Nf6 2. d3 d5 3. Nbd2 g6 4. g3 Bg7 5. Bg2 c5 6. O-O Nc6 7. e4 O-O 8. h3
e5 9. c3 b6 10. Re1 Re8 11. Qa4 Bb7 12. Nf1 h6 13. N1h2 Kh7 14. Ng4 Nxg4 15.
hxg4 Ne7 16. Nh4 Bc6 17. Qc2 Qd7 18. Bf3 Rad8 19. Kg2 f5 20. exf5 g5 21. Bxg5
hxg5 22. Rh1 Kg8 23. Qd2 gxh4 24. Rxh4 e4 25. Be2 exd3 26. Bxd3 d4+ 27. Kh3 Qd5
0-1

[Event "V MTSz Klubu Polonia Wroclaw"]
[Site "Wroclaw"]
[Date "2010.06.28"]
[Round "4"]
[White "Goslawski, Michal"]
[Black "Kuchynka, Lukas"]
[Result "0-1"]
[WhiteElo "2044"]
[BlackElo "2334"]
[PlyCount "40"]
[EventDate "2010.??.??"]

1. Nf3 Nf6 2. c4 e6 3. g3 b6 4. Bg2 Bb7 5. O-O Be7 6. Nc3 O-O 7. Re1 c5 8. e4
d6 9. d4 cxd4 10. Nxd4 Qc8 11. b3 a6 12. Bb2 Nc6 13. Nc2 Qc7 14. Ne3 Rad8 15.
h4 Nd7 16. Rc1 Qb8 17. Qd2 Nc5 18. Ne2 Ne5 19. Bxe5 dxe5 20. Qc2 Nd3 0-1

[Event "V MTSz Klubu Polonia Wroclaw"]
[Site "Wroclaw"]
[Date "2010.06.28"]
[Round "4"]
[White "Goluch, Piotr"]
[Black "Paikidze, Nazi"]
[Result "0-1"]
[WhiteElo "2139"]
[BlackElo "2317"]
[PlyCount "44"]
[EventDate "2010.??.??"]

1. e4 c6 2. c4 d5 3. exd5 cxd5 4. cxd5 Nf6 5. Qa4+ Nbd7 6. Nc3 g6 7. Be2 Bg7 8.
d4 O-O 9. Bf3 Nb6 10. Qb3 e6 11. d6 Qxd6 12. Nge2 e5 13. Nb5 Qe7 14. dxe5 Ng4
15. Nxa7 Rxa7 16. Qxb6 Ra6 17. Qb3 Nxe5 18. O-O g5 19. Bd5 Rd8 20. Nc3 Rh6 21.
Ne4 Qc7 22. Bxg5 Nf3+ 0-1

[Event "V MTSz Klubu Polonia Wroclaw"]
[Site "Wroclaw"]
[Date "2010.06.28"]
[Round "4"]
[White "Otto, Andreas"]
[Black "Bakalarz, Mietek"]
[Result "0-1"]
[WhiteElo "2131"]
[BlackElo "2305"]
[PlyCount "98"]
[EventDate "2010.??.??"]

1. e4 d5 2. exd5 c6 3. d4 cxd5 4. Bd3 Nc6 5. c3 g6 6. h3 Nh6 7. Nf3 Bf5 8. O-O
Bxd3 9. Qxd3 Bg7 10. Bf4 f6 11. Re1 O-O 12. c4 Nf7 13. cxd5 Nb4 14. Qb3 Nxd5
15. Bg3 Qd7 16. Nc3 e6 17. Re2 Nd8 18. Rae1 Nxc3 19. bxc3 b5 20. Nd2 Rf7 21.
Ne4 Bf8 22. Bh4 Kg7 23. Bg3 Rc8 24. h4 Qd5 25. Qb2 a5 26. f3 b4 27. cxb4 Bxb4
28. Rd1 Rb7 29. Qb3 Qxb3 30. axb3 Rd7 31. Be1 Kf7 32. Bxb4 axb4 33. Ree1 Nc6
34. Rc1 Rxd4 35. Rc5 Ne7 36. Rb5 h6 37. Re2 f5 38. Rd2 Rcd8 39. Rxd4 Rxd4 40.
Nf2 Nd5 41. g3 g5 42. hxg5 hxg5 43. g4 Kf6 44. Rb8 Ke5 45. Rg8 Kf4 46. gxf5
exf5 47. Nh3+ Kg3 48. Rxg5+ Kxh3 49. Rxf5 Kg3 0-1

[Event "V MTSz Klubu Polonia Wroclaw"]
[Site "Wroclaw"]
[Date "2010.06.28"]
[Round "4"]
[White "Kaczmarek, Maciej"]
[Black "Szczepkowska-Horowska, Karina"]
[Result "0-1"]
[WhiteElo "2032"]
[BlackElo "2297"]
[PlyCount "94"]
[EventDate "2010.??.??"]

1. e4 e5 2. Nf3 Nc6 3. Bb5 a6 4. Ba4 Nf6 5. O-O Be7 6. Re1 b5 7. Bb3 O-O 8. c3
d5 9. exd5 Nxd5 10. Nxe5 Nxe5 11. Rxe5 c6 12. d4 Bd6 13. Re1 Qh4 14. g3 Qh3 15.
Be3 Bg4 16. Qd3 Rae8 17. Nd2 Re6 18. a4 f5 19. f4 Rh6 20. Nf1 Bf3 21. Qd2 Kh8
22. Qf2 Be4 23. axb5 axb5 24. Nd2 Qg4 25. Nxe4 fxe4 26. Qg2 Qf5 27. Bc2 Re6 28.
g4 Qf6 29. f5 Re7 30. Bxe4 Nxe3 31. Rxe3 Qg5 32. Rae1 c5 33. R3e2 cxd4 34. cxd4
Bb4 35. Rd1 Rfe8 36. Qf3 Qf6 37. Kg2 Bd6 38. Rde1 Qxd4 39. Bc6 Rxe2+ 40. Rxe2
Rf8 41. Bxb5 Bc5 42. b3 Qg1+ 43. Kh3 Bd6 44. Qe3 Qf1+ 45. Kh4 Rf6 46. Bc4 Bb4
47. Kg5 Qa1 0-1

[Event "V MTSz Klubu Polonia Wroclaw"]
[Site "Wroclaw"]
[Date "2010.06.28"]
[Round "4"]
[White "Leks, Maria"]
[Black "Bartel, Michal"]
[Result "0-1"]
[WhiteElo "1987"]
[BlackElo "2287"]
[PlyCount "58"]
[EventDate "2010.??.??"]

1. e4 e5 2. Nf3 Nc6 3. d4 exd4 4. Bc4 Nf6 5. e5 Ng4 6. Qe2 Qe7 7. Bf4 d6 8.
exd6 Qxe2+ 9. Kxe2 Bxd6 10. Bxd6 cxd6 11. Nbd2 Bf5 12. Rhc1 O-O 13. Nb3 Rfe8+
14. Kf1 Be4 15. Bb5 Bxf3 16. gxf3 Nge5 17. f4 Nf3 18. Rd1 Re4 19. Kg2 Rxf4 20.
Kg3 g5 21. Bxc6 bxc6 22. Rd3 Nh4 23. Na5 c5 24. c3 Re8 25. cxd4 Re2 26. Rf1
cxd4 27. Nc6 h5 28. h3 Nf5+ 29. Kh2 Ne3 0-1

[Event "V MTSz Klubu Polonia Wroclaw"]
[Site "Wroclaw"]
[Date "2010.06.28"]
[Round "4"]
[White "Setkauskas, Vaidas"]
[Black "Chrzaszcz, Malvina"]
[Result "1/2-1/2"]
[WhiteElo "2246"]
[BlackElo "2032"]
[PlyCount "94"]
[EventDate "2010.??.??"]

1. e4 c5 2. Nf3 d6 3. d4 cxd4 4. Nxd4 Nf6 5. Nc3 a6 6. Bg5 e6 7. f4 Nbd7 8. Qf3
Qc7 9. O-O-O b5 10. Bd3 Bb7 11. Rhe1 Qb6 12. Nb3 Rc8 13. Qh3 b4 14. Nb1 a5 15.
f5 e5 16. Qe3 Qc7 17. N3d2 a4 18. b3 axb3 19. axb3 Be7 20. Nc4 h6 21. Bxf6 Nxf6
22. Qb6 O-O 23. Qxc7 Rxc7 24. Nbd2 Ng4 25. Nf3 Nf2 26. Rd2 Nxd3+ 27. cxd3 d5
28. exd5 Bxd5 29. Kb1 Bxf3 30. gxf3 Bg5 31. Rg2 f6 32. Rgg1 Ra7 33. Kb2 Rd8 34.
Rd1 Rda8 35. Ra1 Rxa1 36. Rxa1 Rxa1 37. Kxa1 g6 38. Nb6 gxf5 39. Nd5 Bd2 40.
Kb2 Kf7 41. Kc2 Be1 42. Kd1 Bf2 43. Nxb4 Ke6 44. Ke2 Bg1 45. h3 Kd6 46. Nc2 f4
47. d4 Kd5 1/2-1/2

[Event "V MTSz Klubu Polonia Wroclaw"]
[Site "Wroclaw"]
[Date "2010.06.28"]
[Round "4"]
[White "Szumilas, Piotr"]
[Black "Obrusnik, Michal"]
[Result "0-1"]
[WhiteElo "2197"]
[BlackElo "2184"]
[PlyCount "64"]
[EventDate "2010.??.??"]

1. e4 c5 2. Nf3 Nc6 3. d4 cxd4 4. Nxd4 e5 5. Nb5 d6 6. N1c3 a6 7. Na3 b5 8. Nd5
Nge7 9. c4 Nd4 10. cxb5 Nxd5 11. exd5 Bd7 12. Be3 axb5 13. Bxd4 exd4 14. Qxd4
Be7 15. Qd2 Bg5 16. f4 Bf6 17. Qe3+ Kf8 18. Rb1 Bf5 19. Bd3 Qa5+ 20. Kf1 Re8
21. Qf3 Bd7 22. Nc2 Qxa2 23. Kf2 Qa7+ 24. Kg3 h5 25. h4 g6 26. Qf2 Qa8 27. Qf3
Bg4 28. Qf1 Qxd5 29. Bxb5 Re4 30. Qd3 Qf5 31. Qf1 Rxf4 32. Qd3 Be5 0-1

[Event "V MTSz Klubu Polonia Wroclaw"]
[Site "Wroclaw"]
[Date "2010.06.28"]
[Round "4"]
[White "Warakomska, Anna"]
[Black "Lach, Piotr"]
[Result "0-1"]
[WhiteElo "2192"]
[BlackElo "2164"]
[PlyCount "86"]
[EventDate "2010.??.??"]

1. e4 c5 2. Nf3 d6 3. d4 cxd4 4. Nxd4 Nf6 5. Nc3 a6 6. Be3 e5 7. Nf3 Qc7 8. a4
h6 9. a5 Be6 10. Nd5 Bxd5 11. exd5 Nbd7 12. c4 g6 13. Nd2 Bg7 14. Be2 O-O 15.
O-O Nh7 16. Ra2 f5 17. f3 Rac8 18. b4 Qd8 19. Nb3 f4 20. Bf2 e4 21. fxe4 Ng5
22. c5 Nxe4 23. Bd4 dxc5 24. Bxg7 Kxg7 25. Rc2 Ndf6 26. Rxf4 cxb4 27. Rxc8 Qxc8
28. Qd4 Qc3 29. Qxc3 Nxc3 30. Bf3 Nfxd5 31. Rc4 Rf6 32. Rc5 Rd6 33. Rc4 Kf6 34.
Kf2 b6 35. Rc8 bxa5 36. Nxa5 Rb6 37. Nc4 Re6 38. Rb8 Rc6 39. Nd2 Rb6 40. Rd8
Ke7 41. Ra8 b3 42. Nxb3 Rxb3 43. Rxa6 Rb6 0-1

[Event "V MTSz Klubu Polonia Wroclaw"]
[Site "Wroclaw"]
[Date "2010.06.28"]
[Round "4"]
[White "Hetzer, Volkhard"]
[Black "Sabuk, Piotr"]
[Result "0-1"]
[WhiteElo "2063"]
[BlackElo "2193"]
[PlyCount "72"]
[EventDate "2010.??.??"]

1. Nf3 Nf6 2. g3 d5 3. Bg2 Nbd7 4. O-O e5 5. d3 Bd6 6. Nbd2 O-O 7. e4 c6 8. Re1
Re8 9. exd5 cxd5 10. c4 Nc5 11. Nb3 e4 12. dxe4 dxe4 13. Ng5 Bf5 14. Nxc5 Bxc5
15. Be3 Bxe3 16. Rxe3 h6 17. Nh3 Qc8 18. Qf1 Ng4 19. Rc3 Qc5 20. Kh1 Rad8 21.
Re1 Rd2 22. f3 Ne5 23. fxe4 Bxh3 24. Bxh3 Rxb2 25. Re2 Rxe2 26. Qxe2 Rd8 27.
Bf1 b6 28. Rb3 a6 29. Rb1 Qd4 30. a4 Rd6 31. a5 bxa5 32. Rb8+ Kh7 33. Re8 Rf6
34. Bh3 Rf2 35. Bf5+ g6 36. Qe1 Nf3 0-1

[Event "V MTSz Klubu Polonia Wroclaw"]
[Site "Wroclaw"]
[Date "2010.06.28"]
[Round "4"]
[White "Iwanow, Anna"]
[Black "Krawczyk, Andrzej"]
[Result "1-0"]
[WhiteElo "2097"]
[BlackElo "2137"]
[PlyCount "115"]
[EventDate "2010.??.??"]

1. e4 e6 2. d4 d5 3. Nc3 Bb4 4. e5 c5 5. a3 Bxc3+ 6. bxc3 Ne7 7. Qg4 Qc7 8.
Qxg7 Rg8 9. Qxh7 cxd4 10. Ne2 Nbc6 11. f4 Bd7 12. Qd3 dxc3 13. Nxc3 O-O-O 14.
Rb1 Nf5 15. Nb5 Qa5+ 16. Bd2 Qa4 17. g4 Rxg4 18. Bh3 Rdg8 19. Bxg4 Rxg4 20. Qh3
Rg8 21. Qd3 Rg2 22. Kf1 Rg6 23. Rg1 Rxg1+ 24. Kxg1 a6 25. Nd6+ Nxd6 26. exd6 a5
27. Qb3 Qxb3 28. Rxb3 Nd4 29. Rh3 Bc6 30. Kf2 Kd7 31. Bxa5 Nxc2 32. Bc7 Nd4 33.
Rh7 Nf5 34. Rxf7+ Ke8 35. Rf6 Kd7 36. Rf7+ Ke8 37. Rh7 d4 38. Ke2 Bb5+ 39. Kd2
d3 40. Rh3 Nd4 41. Rxd3 Bxd3 42. Kxd3 Nf3 43. h3 Nh4 44. Kd4 Ng6 45. Ke4 Nf8
46. f5 Kf7 47. h4 Nd7 48. fxe6+ Kxe6 49. Kf4 Kf6 50. h5 Nf8 51. Bd8+ Kg7 52.
Be7 Ne6+ 53. Ke5 Nc5 54. Kd5 Nd7 55. Bg5 Kf7 56. h6 Nf8 57. h7 Kg7 58. Bh6+ 1-0

[Event "V MTSz Klubu Polonia Wroclaw"]
[Site "Wroclaw"]
[Date "2010.06.28"]
[Round "4"]
[White "Zmarzly, Aleksandra"]
[Black "Belenkaya, Dina"]
[Result "1-0"]
[WhiteElo "2026"]
[BlackElo "2125"]
[PlyCount "103"]
[EventDate "2010.??.??"]

1. e4 e5 2. Nf3 Nf6 3. Nxe5 d6 4. Nf3 Nxe4 5. Nc3 Nxc3 6. dxc3 Be6 7. Be3 Be7
8. Qd2 Nc6 9. Bd3 Qd7 10. Nd4 Ne5 11. Nxe6 Nxd3+ 12. Qxd3 fxe6 13. O-O-O Qc6
14. f3 Bf6 15. Rhe1 O-O-O 16. Bf2 Be5 17. h3 Rdf8 18. Re4 a6 19. Qe3 g5 20. g3
Rhg8 21. Qa7 b5 22. Qe3 Rg6 23. Rf1 Qd5 24. c4 bxc4 25. Qa3 Qb5 26. Rxe5 Qxe5
27. Qxa6+ Kd8 28. Re1 Qd5 29. Rd1 Qxf3 30. Bc5 Ke7 31. Rxd6 Rf5 32. Rd3+ Kf7
33. Rxf3 Rxf3 34. Qc8 Rgf6 35. Qf8+ Kg6 36. Qg8+ Kh6 37. h4 gxh4 38. gxh4 R6f5
39. Bf8+ Kh5 40. Qxh7+ Kg4 41. Qg6+ Kxh4 42. Be7+ Kh3 43. Qxe6 Kg2 44. Qe2+ Rf2
45. Qg4+ Kh1 46. Qh3+ Kg1 47. Qg3+ Kf1 48. Bh4 R2f3 49. Qh2 R3f4 50. Bg3 Rg4
51. Qh3+ Kg1 52. Qxg4 1-0

[Event "V MTSz Klubu Polonia Wroclaw"]
[Site "Wroclaw"]
[Date "2010.06.29"]
[Round "5"]
[White "Balogh, Csaba"]
[Black "Piorun, Kacper"]
[Result "1/2-1/2"]
[WhiteElo "2621"]
[BlackElo "2499"]
[PlyCount "59"]
[EventDate "2010.??.??"]

1. e4 c6 2. d4 d5 3. Nc3 dxe4 4. Nxe4 Nd7 5. Ng5 Ngf6 6. Bd3 e6 7. N1f3 Bd6 8.
Qe2 h6 9. Ne4 Nxe4 10. Qxe4 Qc7 11. O-O b6 12. Qg4 Kf8 13. b3 Bb7 14. Bb2 Nf6
15. Qh3 Nd5 16. g3 c5 17. c4 Ne7 18. dxc5 Qxc5 19. Qg4 Rg8 20. Nd4 Be5 21. Be4
Bxd4 22. Bxb7 Bxb2 23. Bxa8 Bxa1 24. Rxa1 Nf5 25. Rd1 Ke7 26. Be4 Nd4 27. Bd5
Nf5 28. Be4 Nd4 29. Bd5 Nf5 30. Be4 1/2-1/2

[Event "V MTSz Klubu Polonia Wroclaw"]
[Site "Wroclaw"]
[Date "2010.06.29"]
[Round "5"]
[White "Bartel, Mateusz"]
[Black "Markowski, Tomasz"]
[Result "1-0"]
[WhiteElo "2609"]
[BlackElo "2628"]
[PlyCount "85"]
[EventDate "2010.??.??"]

1. e4 e5 2. Nf3 Nc6 3. Bb5 Nf6 4. d3 Bc5 5. c3 d6 6. Nbd2 O-O 7. h3 a6 8. Ba4
b5 9. Bb3 Bb6 10. Nf1 Ne7 11. Bg5 Ng6 12. Nh4 Nf4 13. Qf3 c5 14. O-O-O Ra7 15.
Ne3 h6 16. Bxf4 exf4 17. Nef5 a5 18. Qxf4 a4 19. Bc2 Ne8 20. d4 cxd4 21. Nxd4
Bd7 22. a3 Rc7 23. Nhf5 Qf6 24. Qg3 Rc5 25. f4 Kh8 26. Rhf1 Bc8 27. Kb1 h5 28.
Rde1 Bc7 29. Qd3 g6 30. Ne3 Bd7 31. g4 Bd8 32. g5 Qg7 33. h4 f6 34. Nd5 fxg5
35. hxg5 Nc7 36. Nxc7 Bxc7 37. f5 Qg8 38. Nf3 gxf5 39. Rh1 Qf7 40. e5 Rd5 41.
Qe3 dxe5 42. g6 Qxg6 43. Reg1 1-0

[Event "V MTSz Klubu Polonia Wroclaw"]
[Site "Wroclaw"]
[Date "2010.06.29"]
[Round "5"]
[White "Fridman, Daniel"]
[Black "Zawadzka, Jolanta"]
[Result "1-0"]
[WhiteElo "2654"]
[BlackElo "2415"]
[PlyCount "45"]
[EventDate "2010.??.??"]

1. d4 d5 2. Nf3 c6 3. c4 e6 4. g3 Nf6 5. Bg2 Nbd7 6. Qc2 Bd6 7. O-O O-O 8. Bg5
h6 9. Bxf6 Nxf6 10. Nbd2 Re8 11. e4 Nxe4 12. Nxe4 dxe4 13. Qxe4 c5 14. Rad1 Qb6
15. Rd2 cxd4 16. Nxd4 e5 17. Nc2 a5 18. Rd5 Rb8 19. Nd4 Bd7 20. Nb3 Qc7 21. Qd3
e4 22. Qd4 Re6 23. c5 1-0

[Event "V MTSz Klubu Polonia Wroclaw"]
[Site "Wroclaw"]
[Date "2010.06.29"]
[Round "5"]
[White "Sieciechowicz, Marcin"]
[Black "Markus, Robert"]
[Result "0-1"]
[WhiteElo "2427"]
[BlackElo "2615"]
[PlyCount "112"]
[EventDate "2010.??.??"]

1. d4 Nf6 2. c4 g6 3. Nc3 Bg7 4. e4 d6 5. Nf3 O-O 6. Be2 e5 7. O-O Nbd7 8. Be3
c6 9. d5 Qe7 10. Nd2 a5 11. a3 h5 12. f3 Kh7 13. Na4 c5 14. b4 axb4 15. axb4 b6
16. Qc2 Bh6 17. Bf2 Ne8 18. Nb3 Ra6 19. Nc3 Nc7 20. b5 Rxa1 21. Rxa1 Bb7 22.
Ra7 Rb8 23. Na4 Ne8 24. Bf1 Ng7 25. g3 f5 26. h4 f4 27. Bh3 fxg3 28. Bxg3 Bc8
29. Qf2 Qd8 30. f4 exf4 31. Bxf4 Bxf4 32. Qxf4 Ne5 33. Be6 Bb7 34. Nc3 Qe7 35.
Nd2 Ra8 36. Rxa8 Bxa8 37. Bh3 Bb7 38. Ne2 Qd8 39. Kg2 Bc8 40. Bxc8 Qxc8 41. Ng1
Qg4+ 42. Qxg4 hxg4 43. Ne2 Nh5 44. Kf2 Kh6 45. Nc3 Nf6 46. Na4 Nfd7 47. Kg3 g5
48. Nf1 Kg6 49. Ne3 Kh5 50. hxg5 Kxg5 51. Nf5 Nxc4 52. Ng7 Kf6 53. Nf5 Ke5 54.
Nc3 Nf6 55. Ne2 Kxe4 56. Ne7 Nxd5 0-1

[Event "V MTSz Klubu Polonia Wroclaw"]
[Site "Wroclaw"]
[Date "2010.06.29"]
[Round "5"]
[White "Simacek, Pavel"]
[Black "Krupa, Monika"]
[Result "1/2-1/2"]
[WhiteElo "2518"]
[BlackElo "2214"]
[PlyCount "158"]
[EventDate "2010.??.??"]

1. d4 Nf6 2. Nf3 c5 3. g3 cxd4 4. Nxd4 d5 5. Bg2 e5 6. Nb3 Nc6 7. O-O h6 8. c4
Be6 9. cxd5 Bxd5 10. Nc3 Bxg2 11. Kxg2 Be7 12. e4 O-O 13. Be3 Qc8 14. Qf3 b6
15. Nd5 Nxd5 16. exd5 Nb4 17. Rfd1 Rd8 18. a3 Nc2 19. Rac1 Nxe3+ 20. fxe3 Qb7
21. Rc6 Rac8 22. Rf1 f5 23. Rfc1 Rf8 24. Rxc8 Rxc8 25. Qxf5 Rf8 26. Qd3 Bg5 27.
h4 Qf7 28. Rf1 Qxf1+ 29. Qxf1 Rxf1 30. Kxf1 Bxe3 31. Ke2 Bg1 32. Nd2 Bd4 33. b3
Kf7 34. a4 Kf6 35. Ne4+ Kf5 36. Kf3 h5 37. Nd6+ Kf6 38. Nb5 Kf5 39. Nd6+ Kf6
40. b4 a6 41. b5 axb5 42. axb5 g6 43. Nc4 Kf5 44. Ne3+ Bxe3 45. Kxe3 e4 46. Kd4
e3 47. Kxe3 Ke5 48. d6 Kxd6 49. Kd4 Ke6 50. Ke4 Kd6 51. Kd4 Ke6 52. Ke4 Kd6 53.
Kf4 Kc5 54. Kg5 Kxb5 55. Kxg6 Kc6 56. Kxh5 b5 57. g4 b4 58. g5 Kd6 59. g6 Ke7
60. Kh6 b3 61. g7 b2 62. g8=Q b1=Q 63. Qg7+ Ke8 64. h5 Qh1 65. Qf6 Qh2 66. Kg6
Qd6 67. h6 Qd3+ 68. Kg7 Qd7+ 69. Kg8 Qd5+ 70. Kh8 Qf7 71. Qe5+ Kd7 72. Qb5+ Ke7
73. Qc5+ Ke8 74. Qc8+ Ke7 75. Qg8 Qf8 76. Kh7 Ke8 77. Kh8 Ke7 78. h7 Ke8 79.
Qxf8+ Kxf8 1/2-1/2

[Event "V MTSz Klubu Polonia Wroclaw"]
[Site "Wroclaw"]
[Date "2010.06.29"]
[Round "5"]
[White "Sakalauskas, Vaidas"]
[Black "Baklan, Vladimir"]
[Result "1/2-1/2"]
[WhiteElo "2412"]
[BlackElo "2633"]
[PlyCount "68"]
[EventDate "2010.??.??"]

1. d4 Nf6 2. c4 e6 3. Nc3 Bb4 4. Qc2 O-O 5. a3 Bxc3+ 6. Qxc3 b6 7. Bg5 Bb7 8.
e3 d6 9. f3 h6 10. Bh4 Nbd7 11. Bd3 c5 12. Ne2 Rc8 13. Qb3 cxd4 14. exd4 d5 15.
cxd5 Bxd5 16. Qa4 Bc6 17. Qd1 b5 18. O-O Qb6 19. Bf2 Qb7 20. Nc3 a6 21. Rc1 Nb6
22. Re1 Na4 23. Nxa4 bxa4 24. Qd2 Bb5 25. Bb1 Rxc1 26. Rxc1 Rc8 27. Rc5 Qd7 28.
Qc2 Rc6 29. h3 Qd6 30. Rxc6 Qxc6 31. Qxc6 Bxc6 32. Bh4 Nd5 33. Be4 Bb5 34. Bxd5
exd5 1/2-1/2

[Event "V MTSz Klubu Polonia Wroclaw"]
[Site "Wroclaw"]
[Date "2010.06.29"]
[Round "5"]
[White "Stoma, Pawel"]
[Black "Warakomski, Tomasz"]
[Result "0-1"]
[WhiteElo "2309"]
[BlackElo "2499"]
[PlyCount "68"]
[EventDate "2010.??.??"]

1. e4 g6 2. d4 Bg7 3. Nc3 c6 4. h3 d5 5. Nf3 Nh6 6. Bd3 f6 7. O-O Nf7 8. Re1
O-O 9. e5 fxe5 10. dxe5 e6 11. Bf4 c5 12. Qd2 Nc6 13. h4 c4 14. Bf1 a6 15. g3
b5 16. Rad1 Ra7 17. Bh3 Re7 18. Re2 b4 19. Na4 d4 20. Qe1 h6 21. b3 Qa5 22. Nb2
cxb3 23. axb3 Bb7 24. Bg2 Qc5 25. Nc4 Rd7 26. Rd3 a5 27. Nfd2 Qe7 28. g4 a4 29.
bxa4 Qc5 30. Be4 Ba6 31. Nb2 Ncxe5 32. Nb3 Qa7 33. Red2 Bxd3 34. Nxd3 Nc4 0-1

[Event "V MTSz Klubu Polonia Wroclaw"]
[Site "Wroclaw"]
[Date "2010.06.29"]
[Round "5"]
[White "Wieczorek, Oskar"]
[Black "Krejci, Jan"]
[Result "1/2-1/2"]
[WhiteElo "2305"]
[BlackElo "2455"]
[PlyCount "77"]
[EventDate "2010.??.??"]

1. e4 e5 2. Nf3 Nc6 3. Bb5 a6 4. Ba4 Nf6 5. O-O Be7 6. Re1 b5 7. Bb3 d6 8. a4
b4 9. d3 O-O 10. Nbd2 Na5 11. Ba2 c5 12. c3 Rb8 13. Nc4 Nxc4 14. Bxc4 Nd7 15.
a5 bxc3 16. bxc3 Bb7 17. Qe2 Kh8 18. Qa2 f5 19. Bd5 Bxd5 20. Qxd5 fxe4 21. dxe4
Rb5 22. Qa2 Nb8 23. Nd2 Nc6 24. Nc4 Qd7 25. Be3 Qe6 26. Red1 Rfb8 27. f3 Qg6
28. Rd2 Rb3 29. Rad1 Rxc3 30. Nxd6 h6 31. Nf5 Bf8 32. Rd6 Bxd6 33. Rxd6 Qxd6
34. Nxd6 Rxe3 35. Qf7 Re2 36. h4 Rbb2 37. Qf8+ Kh7 38. Qf5+ Kg8 39. Qf7+
1/2-1/2

[Event "V MTSz Klubu Polonia Wroclaw"]
[Site "Wroclaw"]
[Date "2010.06.29"]
[Round "5"]
[White "Dobrowolski, Piotr"]
[Black "Bebel, Arkadiusz"]
[Result "0-1"]
[WhiteElo "2397"]
[BlackElo "2247"]
[PlyCount "84"]
[EventDate "2010.??.??"]

1. d4 c5 2. d5 d6 3. e4 g6 4. Nc3 Bg7 5. Nf3 Nf6 6. Be2 O-O 7. O-O e6 8. Nd2
exd5 9. exd5 Nbd7 10. a4 a6 11. Nc4 Nb6 12. Ne3 Re8 13. a5 Nbd7 14. Nc4 Ne5 15.
Nb6 Rb8 16. f4 Neg4 17. Bf3 h5 18. Nc4 Nh6 19. f5 Nxf5 20. Bg5 Qc7 21. Qd3 Bd7
22. Be4 Ng4 23. Bxf5 Bxf5 24. Qd2 Ne5 25. Ne3 Bd7 26. Kh1 f5 27. Ne2 Bb5 28.
Nf4 Bxf1 29. Rxf1 b6 30. h3 Qd7 31. Ne6 Rxe6 32. dxe6 Qxe6 33. axb6 Rxb6 34. b3
Rb4 35. Bf4 Rd4 36. Qa5 Nf7 37. Nc4 d5 38. Na3 Qe2 39. Re1 Rd1 40. Rxd1 Qxd1+
41. Kh2 Bd4 42. Kg3 h4+ 0-1

[Event "V MTSz Klubu Polonia Wroclaw"]
[Site "Wroclaw"]
[Date "2010.06.29"]
[Round "5"]
[White "Strzemiecki, Zbigniew"]
[Black "Matuszewski, Michal"]
[Result "0-1"]
[WhiteElo "2381"]
[BlackElo "2308"]
[PlyCount "116"]
[EventDate "2010.??.??"]

1. e4 c5 2. Nf3 d6 3. d4 cxd4 4. Nxd4 Nf6 5. Nc3 a6 6. Bg5 e6 7. f4 Nbd7 8. Qf3
Qc7 9. O-O-O b5 10. Bd3 Bb7 11. Rhe1 Qb6 12. Bf1 Rc8 13. Kb1 Be7 14. g4 h6 15.
Bxf6 Bxf6 16. Qe3 Bh4 17. Bxb5 Bxe1 18. Bxd7+ Kxd7 19. Rxe1 Rc4 20. Nb3 Qxe3
21. Rxe3 Rb8 22. Nd2 Rcc8 23. b3 Ke7 24. Kb2 g5 25. f5 h5 26. gxh5 Rh8 27. Rh3
Rbg8 28. fxe6 fxe6 29. e5 dxe5 30. Nce4 Rh6 31. b4 Rgh8 32. Rc3 Rc8 33. Nc5 Bd5
34. Re3 Rxh5 35. c4 Rxh2 36. Kc3 a5 37. a3 axb4+ 38. axb4 Ba8 39. Rxe5 g4 40.
Rxe6+ Kf7 41. Nde4 Bxe4 42. Rxe4 Rg8 43. Rf4+ Ke7 44. Ne4 g3 45. Nxg3 Rxg3+ 46.
Kd4 Rd2+ 47. Kc5 Rg5+ 48. Kc6 Rd6+ 49. Kc7 Rgg6 50. Re4+ Rge6 51. Rxe6+ Rxe6
52. b5 Re4 53. c5 Re5 54. Kc6 Kd8 55. b6 Kc8 56. Kd6 Re1 57. c6 Rd1+ 58. Kc5
Rb1 0-1